000 00560nam a2200169Ia 4500
008 090201s9999 xx 000 0 und d
010 _aKPL-28577
040 _bमराठी
041 _aमराठी
082 _a30086
_b28577
100 _aसुमति क्षेत्रमाडे
245 _aसिंधुदुर्ग
_cसुमति क्षेत्रमाडे
260 _c2004
_bप्रिया प्रकाशन
300 _a156
_bमोठा
600 _aसिंधुदुर्ग
942 _cBOOK
999 _c228639
_d228639